000 00802nam a2200265Ia 4500
003 OSt
005 20220923220759.0
006 a|||||r|||| 00| 0
007 ta
008 220922b |||||||| |||| 00| 0 hin d
020 _c10
024 _a190,366
037 _cTextual
040 _aARTS
_cARTS
_bhin
041 _2hin
_ahin
082 _aO152,2NSH2,YU, L6
100 _aशाह, बृजमोहन
245 0 _aयुद्धमन
246 _aYuddhahina
260 _aदिल्ली
_b इन्द्रप्रस्थ प्रकाशन
_c1976
300 _a108पृ.
_ccm.
650 _aहिन्दी साहित्य
_9156264
942 _hO152,2NSH2,YU, L6
_cTEXL
_2CC
999 _c343141
_d343141